Score 0/25 Timer 08:00
1 Play Today
% Correct
The Devil Wears Prada
87.9%
Saving Private Ryan
77.8%
Se7en
75.4%
Big Daddy
71.7%
Kick-Ass
68.3%
The Big Lebowski
67.8%
Ghostbusters
61.7%
Bill & Ted's Excellent Adventure
60%
Aliens
58.5%
The Last King of Scotland
56.4%
The Godfather
55.9%
The Help
53.7%
Prince of Persia: The Sands of Time
51.2%
% Correct
Almost Famous
45.2%
Romeo + Juliet
43.9%
The Good, the Bad and the Ugly
38.8%
Gran Torino
37.2%
The Bourne Identity
36.8%
Face/Off
36.2%
Into the Woods
31.8%
Willow
27.6%
Sucker Punch
27%
Sense and Sensibility
24.5%
Brooklyn
23.2%
The Nice Guys
21.7%
Remove Ads.
Support Sporcle.
Get the best of Sporcle when you Go Orange. This ad-free experience offers more features, more stats, and more fun while also helping to support Sporcle. Thank you for becoming a member.

You're not logged in!

Compare scores with friends on all Sporcle quizzes.
OR
Log In

Show Comments

Extras

Top Quizzes Today


Score Distribution

Your Account Isn't Verified!

In order to create a playlist on Sporcle, you need to verify the email address you used during registration. Go to your Sporcle Settings to finish the process.

Report this User

Report this user for behavior that violates our Community Guidelines.

Details: